| 000 | 01192cam a2200349 i 4500 | ||
|---|---|---|---|
| 001 | 22319072 | ||
| 003 | OSt | ||
| 005 | 20230621111659.0 | ||
| 008 | 211122s2021 ke b 000 0 eng | ||
| 010 | _a 2021315794 | ||
| 020 | _a9789966021229 | ||
| 040 |
_aDLC _beng _erda _cDLC |
||
| 042 |
_alcode _apcc |
||
| 043 | _afe----- | ||
| 050 | 0 | 0 |
_aJQ2945.A91 _bL57 2021 |
| 082 |
_a328.672 _bTUN |
||
| 100 | 1 |
_aLissu, Tundu Antiphas, _eauthor. |
|
| 245 | 1 | 0 |
_aRemaining in the shadows : _bparliament and accountability in East Africa / _cby Hon. Tundu Lissu. |
| 264 | 1 |
_a[Nairobi] : _bKonrad Adenaeur Stiftung, _c2021. |
|
| 300 |
_axxi, 277 pages ; _c21 cm |
||
| 336 |
_atext _btxt _2rdacontent |
||
| 337 |
_aunmediated _bn _2rdamedia |
||
| 338 |
_avolume _bnc _2rdacarrier |
||
| 504 | _aIncludes bibliographical references (pages 273-277). | ||
| 650 | 0 |
_aDemocratization _zAfrica, East. |
|
| 650 | 0 |
_aLegislative bodies _zAfrica, East. |
|
| 650 | 0 |
_aPublic administration _zAfrica, East. |
|
| 651 | 0 |
_aAfrica, East _xPolitics and government. |
|
| 906 |
_a7 _bcbc _corigode _d3 _encip _f20 _gy-gencatlg |
||
| 942 |
_2ddc _cBK |
||
| 999 |
_c2099 _d2099 |
||